Pracheen bhartiya smaj (Record no. 115922)

MARC details
000 -LEADER
fixed length control field 00372nam a2200145Ia 4500
008 - FIXED-LENGTH DATA ELEMENTS--GENERAL INFORMATION
fixed length control field 230917s9999||||xx |||||||||||||| ||und||
040 ## - CATALOGING SOURCE
-- 98606
Original cataloging agency VIVEKANANDA LIBRARY
041 ## - Language
-- English
082 ## - DDC NUMBER
Classification number 954.01 J338P
100 ## - MAIN ENTRY--PERSONAL NAME
Personal name Jayaswal, Surendra Kumar
245 #0 - TITLE STATEMENT
Title Pracheen bhartiya smaj
260 ## - PUBLICATION, DISTRIBUTION, ETC. (IMPRINT)
Place of publication, distribution, etc Lucknow
Name of publisher, distributor, etc New Royal Book Company
Date of publication, distribution, etc 2002
300 ## - PHYSICAL DESCRIPTION
Pages iii, 338 p.
942 ## - ADDED ENTRY ELEMENTS (KOHA)
Koha item type Books
Holdings
Withdrawn status Lost status Damaged status Not for loan Location (home branch) Sublocation or collection (holding branch) Date acquired Koha issues (times borrowed) Koha full call number Accession No. Koha date last seen Koha item type Shelving location
        VIVEKANANDA LIBRARY VIVEKANANDA LIBRARY 23/10/2003   954.01 J338P 206301 17/09/2023 Books  
        VIVEKANANDA LIBRARY VIVEKANANDA LIBRARY 23/10/2003   954.01 J338P 237400 17/09/2023 Books History Department
© Designed and Maintained by Vivekananda Library, MDU Rohtak